000 00625nam a2200229Ia 4500
003 OSt
005 20221005094106.0
006 a|||||r|||| 00| 0
007 ta
008 221004b |||||||| |||| 00| 0 eng d
024 _a58969
037 _cTextual
040 _aCRL
_cCRL
_beng
041 _2eng
_aeng
082 _aV2:25xM69x, M7.3
100 _aGandhi M K
245 0 _aMoral and political writings of Mahatma Gandhi Ed by Raghavan Iyer.
260 _aOxford
_bClarendon
_c1987
650 _aHISTORY
942 _hV2:25xM69x, M7.3
_cTEXL
_2cc
999 _c1001405
_d1001405